000 00299nam a22001337a 4500
008 181009b xxu||||| |||| 00| 0 eng d
020 _a6123330471
041 _aeng
080 _a371
100 _a25
101 _aEDU
245 _aManaging the Learning Process
_cMargolis, F.H
942 _2udc
_cBK
999 _c49190
_d49190